Applied Optimization : Formulation and Algorithms for Engineering Systems

Enregistré dans:
Détails bibliographiques
Auteur principal: Baldick, Ross (Auteur)
Format: Livre
Langue:anglais
Publié: Cambridge : Cambridge University Press, 2006
Sujets:
Tags: Ajouter un tag
Pas de tags, Soyez le premier à ajouter un tag!

MARC

LEADER 00000nam a22000003a 4500
001 stu196191
005 20150617230019.5
008 091123s2006----uk------------------eng-d
020 |a 978-0-521-10028-1 
040 |a STU  |b slo 
041 0 |a eng 
044 |a uk 
080 |a 004.421.2  |7 stu_us_auth*stu450 
100 1 |a Baldick, Ross  |4 aut 
245 1 |a Applied Optimization :  |b Formulation and Algorithms for Engineering Systems 
260 |a Cambridge :  |b Cambridge University Press,  |c 2006 
300 |a 768 s 
650 7 |a optimalizačný algoritmus  |2 stusub 
650 7 |a matematické algoritmy  |2 stusub 
996 |b 284EK88069  |c E*88069  |l EE30  |s P  |a 0  |w stu196191_0001